00790nam a2200229 a 450000100060000000300080000600500170001400800410003103500190007204000320009104100080012308200290013110000230016024500910018326000390027430000350031349000420034850400390039065000560042970000330048583000420051859214BD-RjUL20211209080715.0161222s1976 caua b 001 0 eng  a(BD-RjUL)59338 aDLCcDLCdDLCdBD-RjULbeng aeng00a364.360973223bELP 19761 aEldefonso, Edward.10aProcess and impact of the juvenile justice system /cEdward Eldefonso, Alan R. Coffey. aCalifornia :bGlencoe Pub,cc1976. aviii, 214 p. :bill. ;c23 cm.0 aGlencoe Press criminal justice series aIncludes bibliographies and index. 0aJuvenile justice, Administration ofzUnited States.1 aCoffey, Alan,ejoint author. aGlencoe Press criminal justice series